[Event "Wch U12"]
[Site "Durban"]
[Date "2014.09.27"]
[Round "9"]
[White "Askey, Raveen Nimesh"]
[Black "Nehyba, Martin"]
[Result "1-0"]
[WhiteElo "1485"]
[BlackElo "1806"]
[PlyCount "65"]
[EventDate "2014.09.20"]
[EventType "swiss"]
[EventRounds "11"]
[EventCountry "RSA"]
[SourceTitle "CBM 162 Extra"]
[Source "ChessBase"]
[SourceDate "2014.10.17"]
[SourceVersion "1"]
[SourceVersionDate "2014.10.17"]
[SourceQuality "1"]

1. e4 c5 2. Nf3 Nc6 3. d4 cxd4 4. Nxd4 Nf6 5. Nc3 e5 6. Nb3 Bb4 7. Bd3 d5 8. exd5 Nxd5 9. Bd2 Nxc3 10. Bxc3 Bxc3+ 11. bxc3 Be6 12. 0-0 0-0 13. Qe2 Qe7 14. Bb5 f6 15. Bxc6 bxc6 16. Rfe1 Rae8 17. a4 Bf5 18. Rec1 e4 19. Qc4+ Qe6 20. Qc5 Qe5 21. Qxa7 Qxc3 22. Qd4 Qxd4 23. Nxd4 Bd7 24. a5 Ra8 25. Nb3 f5 26. Nc5 Bc8 27. Rcb1 Rf6 28. Rb6 Kf8 29. a6 Rd6 30. g3 f4 31. a7 f3 32. Rb8 Rxa7 33. Rxc8+ 1-0

[Event "Wch U12"]
[Site "Durban"]
[Date "2014.09.23"]
[Round "6"]
[White "Corredor Castellanos, Camilo"]
[Black "Askey, Raveen Nimesh"]
[Result "1-0"]
[WhiteElo "1918"]
[BlackElo "1485"]
[PlyCount "45"]
[EventDate "2014.09.20"]
[EventType "swiss"]
[EventRounds "11"]
[EventCountry "RSA"]
[SourceTitle "CBM 162 Extra"]
[Source "ChessBase"]
[SourceDate "2014.10.17"]
[SourceVersion "1"]
[SourceVersionDate "2014.10.17"]
[SourceQuality "1"]

1. d4 Nf6 2. Bf4 e6 3. e3 b6 4. Nf3 Bb7 5. Bd3 d5 6. Nbd2 Nbd7 7. c3 Be7 8. 0-0 0-0 9. Ne5 c5 10. Qf3 Re8 11. Rad1 Rc8 12. Bxh7+ Kf8 13. Bd3 Nxe5 14. dxe5 Nd7 15. Qh5 Nf6 16. exf6 Bxf6 17. Bb5 Bc6 18. Bxc6 Rxc6 19. Ne4 e5 20. Bg5 Bxg5 21. Qxg5 Qa8 22. Ng3 Rg6 23. Qh5 1-0